000 01714nam a2200445 a 4500
003 BLK
005 20250801130958.0
008 180409b bul|||||r ||||||| ||bul||
010 _aKNG00109431000
020 _a978-954-8396-37-0
_q(твърда подв.)
020 _a978-954-8396-38-7
_q(мека подв.)
040 _aBLK
041 _aBUL
_cBUL
072 7 _2bullib
_aН85
_xДетска художествена литература Н
080 _aАмериканска литература (на САЩ)
_b821.111(73)
_x-93-32
_z821.111(73)-93-32
100 1 _aКини, Джеф
_eпърви автор
_9309890
139 _aКини, Джеф
_bК 54
245 1 0 _aДневникът на един Дръндьо : Хрониките на Грег Хефли
_bРоман в картинки : Ч.1
_cДжеф Кини; прев. от англ. Михаил Балабанов.
257 _aUSA
260 _aСофия
_bДУО ДИЗАЙН
_c2010
300 _a218 с.
_bс ил.
_c21 см
380 _aDX
500 _aОриг. загл. Diary of a Wimpy Kid / Jeff Kinney. - За автора. Кн. 1
653 _aповести
653 _aлитература за деца
653 _aдетска литература
659 _aН
700 _aБалабанов, Михаил Петров
_eпрев.
_9443003
852 _aЦб 255103
856 4 _qpdf
_i0.00
_ldisable
856 4 _qpdf
_i0.00
_ldisable
942 _cKNG
_n0
_0567
_s1
944 _aCR
_c21.05.2012
_lИва Цветкова
_k30543
944 _aED
_c2018-07-18
_lГГГ
999 _c104327
_d104327
999 _d104327
999 _d104327
999 _d104327
999 _d104327
999 _d104327